Statistics for FIFA World Cup Winning Managers

Click here to take the quiz!

General Stats

  • This quiz has been taken 85 times
    (54 since last reset)
  • The average score is 8 of 21

Answer Stats

YearManager% Correct
2018Didier Deschamps (France)
92%
2014Joachim Low (Germany)
88%
2010Vicente del Bosque (Spain)
86%
1990Franz Beckenbauer (West Germany)
82%
2006Marcello Lippi (Italy)
65%
2002Luiz Felipe Scolari (Brazil)
61%
1970Mário Zagallo (Brazil)
49%
1998Aimé Jacquet (France)
31%
1966Alf Ramsey (England)
29%
1938Vittorio Pozzo (Italy)
29%
1934Vittorio Pozzo (Italy)
29%
1994Carlos Alberto Parreira (Brazil)
24%
1982Enzo Bearzot (Italy)
22%
1974Helmut Schön (West Germany)
20%
1954Sepp Herberger (West Germany)
20%
1978César Luis Menotti (Argentina)
18%
1986Carlos Bilardo (Argentina)
16%
1958Vicente Feola (Brazil)
12%
1962Aymoré Moreira (Brazil)
8%
1950Juan López Fontana (Uruguay)
6%
1930Alberto Suppici (Uruguay)
2%

Score Distribution

Percentile by Number Answered

Percent of People with Each Score

Your Score History

You have not taken this quiz since the last reset